Frontière de la France - Statistiques

Statistiques générales
  • Ce quiz a été pris 246 fois
    183 depuis la dernière actualisation
  • Le résultat moyen est 10 sur 11
Statistiques - réponses
Km Précisions Pays % Correct
448 France métropolitaine Allemagne
99%
573 France métropolitaine Suisse
99%
620 France métropolitaine Belgique
97%
623 France métropolitaine Espagne
97%
515 France métropolitaine Italie
97%
73 France métropolitaine Luxembourg
95%
57 France métropolitaine Andorre
91%
730 France Outre-mer Bresil
88%
4 France métropolitaine Monaco
87%
520 France Outre-mer Suriname
71%
13 France Outre-mer Pays-Bas/Saint-Martin
62%
Aucun quiz correspondant
Distribution des résultats
% des personnes avec chaque résultat
Percentile par nombre de réponses
Votre historique - résultats
Vous n’avez pas pris ce quiz depuis la dernière actualisation